| 000 | 00443nam a2200205Ia 4500 | ||
|---|---|---|---|
| 001 | 13008 | ||
| 003 | GE_BSU | ||
| 008 | 181216s||||||||xx |||||||||||||| ||und|| | ||
| 020 | _a9780751505504 | ||
| 040 | _cGE_BSU | ||
| 080 | _a821.111-3 | ||
| 100 | _aSteel,Danielle. | ||
| 245 | _aNow and forever. | ||
| 260 | _aLondon. | ||
| 260 | _bWarner Books. | ||
| 260 | _c1978 | ||
| 300 | _a382p;17cm. | ||
| 653 | _aNow and forever. | ||
| 942 | _cBK | ||
| 999 |
_c46176 _d46176 |
||